[Event "VL 2017/18"]
[Site "Mecklenburg-Vorpommern"]
[Date "2018.02.25"]
[Round "6.8"]
[White "Armbruester, Clemens"]
[Black "Zeeck, Detlef"]
[Result "1/2-1/2"]
[WhiteElo "1706"]
[BlackElo "1668"]
[PlyCount "26"]
[EventDate "2017.??.??"]
[EventType "team-tourn"]
[EventRounds "9"]
[SourceDate "2017.10.08"]
[WhiteTeam "SG Guestrow/Teterow"]
[BlackTeam "SF Schwerin III"]

1. d4 Nf6 2. c4 e6 3. Nf3 Bb4+ 4. Bd2 Qe7 5. a3 Bxd2+ 6. Nbxd2 d6 7. e3 e5 8.
dxe5 dxe5 9. Qc2 O-O 10. Bd3 Rd8 11. Be4 Nbd7 12. Qc3 Nxe4 13. Nxe4 b6 1/2-1/2

[Event "VL 2017/18"]
[Site "Mecklenburg-Vorpommern"]
[Date "2018.02.25"]
[Round "6.1"]
[White "Wolke, Heiko"]
[Black "Schmekel, Florian"]
[Result "0-1"]
[WhiteElo "1988"]
[BlackElo "2040"]
[PlyCount "76"]
[EventDate "2017.??.??"]
[EventType "team-tourn"]
[EventRounds "9"]
[SourceDate "2017.10.08"]
[WhiteTeam "SFO Warnemuende"]
[BlackTeam "SAV Torgelow"]

1. Nf3 c5 2. g3 Nc6 3. Bg2 g6 4. O-O Bg7 5. d3 e6 6. Nbd2 Nge7 7. e4 O-O 8. Re1
Qc7 9. a4 d6 10. Nc4 b6 11. Bf4 e5 12. Bd2 h6 13. Qc1 Kh7 14. Nh4 Be6 15. c3
Rad8 16. f4 exf4 17. gxf4 d5 18. Na3 dxe4 19. dxe4 Na5 20. Be3 Nb3 21. Qc2 Nxa1
22. Rxa1 f5 23. Bf3 fxe4 24. Qxe4 Bd5 25. Qc2 Bxf3 26. Nxf3 Nf5 27. Bd2 Rfe8
28. Nc4 Qd7 29. Nfe5 Bxe5 30. fxe5 Qd5 31. b3 Nh4 32. Bf4 Rf8 33. Ne3 Qf3 34.
Rf1 Rxf4 35. Rxf3 Nxf3+ 36. Kh1 Rd2 37. e6 Rxc2 38. e7 Rxh2# 0-1

[Event "VL 2017/18"]
[Site "Mecklenburg-Vorpommern"]
[Date "2018.02.25"]
[Round "6.2"]
[White "Zentgraf, Robert"]
[Black "Ruesch, Hans Joachim"]
[Result "1-0"]
[WhiteElo "2107"]
[BlackElo "1998"]
[PlyCount "75"]
[EventDate "2017.??.??"]
[EventType "team-tourn"]
[EventRounds "9"]
[SourceDate "2017.10.08"]
[WhiteTeam "SAV Torgelow"]
[BlackTeam "SFO Warnemuende"]

1. Nf3 g6 2. c4 Bg7 3. Nc3 d6 4. d4 Nf6 5. h3 O-O 6. Bf4 Nc6 7. e3 Nh5 8. Bh2
e5 9. dxe5 Nxe5 10. Be2 Nxf3+ 11. Bxf3 Be6 12. Qd3 Nf6 13. O-O Nd7 14. Bd5 Nc5
15. Qd2 a5 16. Nb5 Qd7 17. Bxe6 fxe6 18. Qc2 Rf7 19. Rad1 Qc6 20. Nd4 Qe8 21.
Nb5 Qe7 22. b3 Qh4 23. Bg3 Qe4 24. Qe2 Qf5 25. Rfe1 Ne4 26. Rf1 Nc3 27. Nxc3
Bxc3 28. Qd3 Bb4 29. e4 Qc5 30. Kh2 a4 31. e5 dxe5 32. Qe4 axb3 33. axb3 Bc3
34. Qxb7 Raf8 35. Qe4 Bd4 36. f3 Rb8 37. Rd3 c6 38. Rxd4 1-0

[Event "VL 2017/18"]
[Site "Mecklenburg-Vorpommern"]
[Date "2018.02.25"]
[Round "6.5"]
[White "Staben, Norbert"]
[Black "Troemer, Felix"]
[Result "1-0"]
[WhiteElo "1706"]
[BlackElo "1553"]
[PlyCount "57"]
[EventDate "2017.??.??"]
[EventType "team-tourn"]
[EventRounds "9"]
[SourceDate "2017.10.08"]
[WhiteTeam "SFO Warnemuende"]
[BlackTeam "SAV Torgelow"]

1. d4 Nf6 2. c4 g6 3. Nc3 Bg7 4. e4 d6 5. f3 O-O 6. Be3 c6 7. Qd2 e5 8. Nge2
Na6 9. O-O-O Qe7 10. g4 Be6 11. d5 cxd5 12. Nxd5 Bxd5 13. cxd5 Rfc8+ 14. Kb1
Nc5 15. h4 a5 16. Nc3 Nfd7 17. Nb5 Nb6 18. h5 Ncd7 19. hxg6 fxg6 20. Qh2 Kf7
21. Qf2 Na4 22. Rxh7 Nf6 23. Rh1 Nc5 24. Be2 Na6 25. Rc1 Rf8 26. Bb6 Kg8 27.
Qe3 Nd7 28. Nc7 Nxb6 29. Qxb6 1-0

[Event "VL 2017/18"]
[Site "Mecklenburg-Vorpommern"]
[Date "2018.02.25"]
[Round "6.6"]
[White "Greinert, Timo"]
[Black "Dethloff, Ruediger"]
[Result "1/2-1/2"]
[WhiteElo "1780"]
[BlackElo "1604"]
[PlyCount "24"]
[EventDate "2017.??.??"]
[EventType "team-tourn"]
[EventRounds "9"]
[SourceDate "2017.10.08"]
[WhiteTeam "SAV Torgelow"]
[BlackTeam "SFO Warnemuende"]

1. c4 e5 2. Nc3 Nf6 3. g3 c6 4. Bg2 Be7 5. e3 d5 6. cxd5 cxd5 7. Qb3 e4 8. Nge2
Nc6 9. Nf4 Na5 10. Qc2 O-O 11. O-O Bf5 12. f3 Rc8 1/2-1/2

[Event "VL 2017/18"]
[Site "Mecklenburg-Vorpommern"]
[Date "2018.02.25"]
[Round "6.7"]
[White "Schmidt, Reinhard"]
[Black "Bollnow, Alex"]
[Result "0-1"]
[WhiteElo "1773"]
[BlackElo "1492"]
[PlyCount "58"]
[EventDate "2017.??.??"]
[EventType "team-tourn"]
[EventRounds "9"]
[SourceDate "2017.10.08"]
[WhiteTeam "SFO Warnemuende"]
[BlackTeam "SAV Torgelow"]

1. e4 c5 2. Nf3 Nc6 3. d4 cxd4 4. Nxd4 g6 5. Bc4 Bg7 6. Nxc6 bxc6 7. O-O Nf6 8.
e5 Ne4 9. Qf3 d5 10. exd6 Nxd6 11. Qxc6+ Bd7 12. Qa6 O-O 13. Na3 Qc7 14. Be2
Rab8 15. c3 Bf5 16. Nb5 Nxb5 17. Bxb5 Rb6 18. Qa4 Be5 19. h3 Qb7 20. Be2 Be4
21. f3 Bf5 22. f4 Bd6 23. Bf3 Qc7 24. Be4 Bd7 25. Qc2 Bc5+ 26. Kh1 Qc8 27. f5
Rd8 28. fxg6 hxg6 29. Bxg6 Rxg6 0-1

[Event "VL 2017/18"]
[Site "Mecklenburg-Vorpommern"]
[Date "2018.02.25"]
[Round "6.8"]
[White "Bress, Aaron"]
[Black "Vladov, Mark"]
[Result "0-1"]
[WhiteElo "1780"]
[BlackElo "1615"]
[PlyCount "120"]
[EventDate "2017.??.??"]
[EventType "team-tourn"]
[EventRounds "9"]
[SourceDate "2017.10.08"]
[WhiteTeam "SAV Torgelow"]
[BlackTeam "SFO Warnemuende"]

1. e4 c6 2. d4 d5 3. e5 Bf5 4. h4 h6 5. g4 Be4 6. f3 Bh7 7. Bd3 e6 8. Bxh7 Rxh7
9. Qd3 Rh8 10. f4 Nd7 11. f5 exf5 12. gxf5 Qe7 13. Ne2 O-O-O 14. Nbc3 Nb6 15.
Nf4 Nf6 16. O-O Ne8 17. Qh3 Qd7 18. e6 Qc7 19. f6 fxe6 20. Nxe6 Qd7 21. Qf5
Nxf6 22. Nxd8 Kxd8 23. Qxd7+ Kxd7 24. Bf4 Rg8 25. Rae1 Be7 26. Re2 Nh5 27. Re5
Nxf4 28. Rxf4 Nc4 29. Re1 g5 30. hxg5 Bxg5 31. Rf7+ Be7+ 32. Kf1 Re8 33. Rh7
Kd8 34. Rxh6 Rf8+ 35. Kg1 Bg5 36. Rhe6 Bh4 37. R1e2 Nxb2 38. Rh6 Bf6 39. Rd2
Bg5 40. Rdh2 Bxh6 41. Rxh6 Nc4 42. Rh3 Re8 43. Kf2 b5 44. Nd1 Nd2 45. Nb2 Kc7
46. Nd3 Ne4+ 47. Kf1 Kb6 48. Rh6 Ng3+ 49. Kf2 Nf5 50. Rf6 Nxd4 51. Nb4 Re6 52.
Rxe6 Nxe6 53. Ke3 a5 54. Nd3 b4 55. Ne5 Kb5 56. Kd3 c5 57. c3 Ka4 58. Nc6 Kb5
59. Ne5 a4 60. Kc2 bxc3 0-1

[Event "VL 2017/18"]
[Site "Mecklenburg-Vorpommern"]
[Date "2018.02.25"]
[Round "6.1"]
[White "Mangold, Thomas"]
[Black "Mildner, Jens"]
[Result "1-0"]
[WhiteElo "2002"]
[BlackElo "2038"]
[PlyCount "59"]
[EventDate "2017.??.??"]
[EventType "team-tourn"]
[EventRounds "9"]
[SourceDate "2017.10.08"]
[WhiteTeam "SSC Rostock 07"]
[BlackTeam "Greifswalder SV II"]

1. c4 c5 2. g3 Nc6 3. Bg2 g6 4. Nc3 Bg7 5. a3 e6 6. Rb1 a5 7. e3 Nge7 8. Nge2
O-O 9. Nf4 d6 10. O-O e5 11. Nfd5 Nxd5 12. cxd5 Nb8 13. b3 Na6 14. Bb2 Bd7 15.
Qe2 Rb8 16. Rfd1 b5 17. Na2 f5 18. d4 Re8 19. dxc5 Nxc5 20. b4 Na4 21. Ba1 Qb6
22. bxa5 Qxa5 23. Nb4 Rec8 24. Nc6 Bxc6 25. dxc6 Nc3 26. Bxc3 Qxc3 27. Rxb5
Qxa3 28. Rxb8 Rxb8 29. c7 Rc8 30. Qc4+ 1-0

[Event "VL 2017/18"]
[Site "Mecklenburg-Vorpommern"]
[Date "2018.02.25"]
[Round "6.2"]
[White "Dombrowski, Frank"]
[Black "Pererva, Viktor"]
[Result "1/2-1/2"]
[WhiteElo "1956"]
[BlackElo "2022"]
[PlyCount "72"]
[EventDate "2017.??.??"]
[EventType "team-tourn"]
[EventRounds "9"]
[SourceDate "2017.10.08"]
[WhiteTeam "Greifswalder SV II"]
[BlackTeam "SSC Rostock 07"]

1. c3 e5 2. d4 e4 3. Bf4 d5 4. e3 c6 5. Qb3 Qb6 6. Qxb6 axb6 7. c4 Be6 8. Nd2
Bb4 9. cxd5 Bxd5 10. a3 Bxd2+ 11. Kxd2 Nd7 12. Ne2 Ngf6 13. Nc3 O-O 14. Be2 b5
15. Bg5 Rfe8 16. Bxf6 Nxf6 17. Rhc1 Bb3 18. h3 Nd5 19. Nxd5 Bxd5 20. h4 Kf8 21.
Kc3 Ke7 22. b3 Kd6 23. Kb4 h6 24. Rh1 b6 25. Kc3 Ra7 26. Kb2 Rea8 27. Rhc1 Ke6
28. g3 f6 29. Bg4+ Kf7 30. h5 Ke7 31. Rg1 b4 32. axb4 Rxa1 33. Rxa1 Rxa1 34.
Kxa1 Bxb3 35. Kb2 Bd5 36. Kc3 Ba2 1/2-1/2

[Event "VL 2017/18"]
[Site "Mecklenburg-Vorpommern"]
[Date "2018.02.25"]
[Round "6.3"]
[White "Tin, Sergey"]
[Black "Fromm, Marius"]
[Result "0-1"]
[WhiteElo "2034"]
[BlackElo "1787"]
[PlyCount "64"]
[EventDate "2017.??.??"]
[EventType "team-tourn"]
[EventRounds "9"]
[SourceDate "2017.10.08"]
[WhiteTeam "SSC Rostock 07"]
[BlackTeam "Greifswalder SV II"]

1. e4 e6 2. d4 d5 3. Nc3 Nf6 4. e5 Nfd7 5. f4 c5 6. Nf3 Nc6 7. Ne2 cxd4 8.
Nexd4 Bc5 9. c3 a6 10. Be3 Qc7 11. Bd3 b5 12. Ng5 Nxd4 13. Bxd4 h6 14. Qh5 O-O
15. O-O-O b4 16. Bh7+ Kh8 17. Bc2 Kg8 18. Rd3 bxc3 19. Rxc3 Rb8 20. Rf1 Qa5 21.
Bxc5 Nxc5 22. Rff3 Qxa2 23. Rg3 Qxb2+ 24. Kd1 Qa1+ 25. Ke2 a5 26. Bh7+ Kh8 27.
Nxf7+ Rxf7 28. Qxf7 Ba6+ 29. Kd2 Qb2+ 30. Rc2 Qd4+ 31. Bd3 Ne4+ 32. Ke1 Rb1+
0-1

[Event "VL 2017/18"]
[Site "Mecklenburg-Vorpommern"]
[Date "2018.02.25"]
[Round "6.4"]
[White "Grehl, Tino"]
[Black "Jeske, Holger"]
[Result "1-0"]
[WhiteElo "1869"]
[BlackElo "1832"]
[PlyCount "103"]
[EventDate "2017.??.??"]
[EventType "team-tourn"]
[EventRounds "9"]
[SourceDate "2017.10.08"]
[WhiteTeam "Greifswalder SV II"]
[BlackTeam "SSC Rostock 07"]

1. c4 f5 2. d4 Nf6 3. Nc3 c6 4. Nf3 d6 5. e3 Qc7 6. Be2 e5 7. O-O Be7 8. b3 O-O
9. Bb2 Nfd7 10. Ne1 g5 11. dxe5 dxe5 12. e4 f4 13. Nd3 Rd8 14. Qc2 Na6 15. Rad1
Nf8 16. Nb1 Bf6 17. b4 Qg7 18. b5 Nc7 19. bxc6 bxc6 20. Nb4 Bd7 21. c5 a5 22.
Bc4+ Kh8 23. Nd3 Nce6 24. Nd2 g4 25. Kh1 h5 26. Bxe6 Bxe6 27. Nc4 Ng6 28. Nd6
h4 29. Qc3 Rf8 30. Qc2 g3 31. Nf5 Qh7 32. h3 Qh5 33. Ne1 gxf2 34. Rxf2 Rab8 35.
Ba1 Rb4 36. Rd6 Rc4 37. Qd2 Bc8 38. Rxf6 Rxf6 39. Qd8+ Rf8 40. Bxe5+ Kg8 41.
Qc7 Qh7 42. Bg7 Rxe4 43. Nh6+ Qxh6 44. Bxh6 Rxe1+ 45. Kh2 Re7 46. Qxc6 Re6 47.
Qd5 Rfe8 48. Bxf4 Rf8 49. Be3 Rxf2 50. Bxf2 Kf7 51. Bd4 Ke7 52. c6 1-0

[Event "VL 2017/18"]
[Site "Mecklenburg-Vorpommern"]
[Date "2018.02.25"]
[Round "6.5"]
[White "Hodl, Ingolf"]
[Black "Nauschuetz, Ernst"]
[Result "1-0"]
[WhiteElo "1849"]
[BlackElo "1849"]
[PlyCount "79"]
[EventDate "2017.??.??"]
[EventType "team-tourn"]
[EventRounds "9"]
[SourceDate "2017.10.08"]
[WhiteTeam "SSC Rostock 07"]
[BlackTeam "Greifswalder SV II"]

1. g3 e5 2. Nf3 e4 3. Nd4 Bc5 4. Nb3 Be7 5. Bg2 d5 6. d3 exd3 7. cxd3 Nf6 8.
O-O O-O 9. Nc3 c6 10. Bf4 Bd6 11. Qd2 Na6 12. Rac1 Bxf4 13. Qxf4 Bd7 14. Rfd1
Qb8 15. Qd4 Re8 16. e4 Bg4 17. Re1 dxe4 18. dxe4 Be6 19. e5 Rd8 20. Qh4 Ne8 21.
Nd4 Nac7 22. Nxe6 Nxe6 23. f4 Rd4 24. Ne2 Rd2 25. f5 Nf8 26. Qb4 Rd8 27. Nf4 a5
28. Qc5 Qa7 29. Qxa7 Rxa7 30. Rcd1 Raa8 31. e6 fxe6 32. fxe6 Ng6 33. Nxg6 hxg6
34. Be4 Rxd1 35. Rxd1 Kf8 36. Rd7 Nf6 37. Rf7+ Kg8 38. Bxg6 Rb8 39. Rxf6 gxf6
40. e7 1-0

[Event "VL 2017/18"]
[Site "Mecklenburg-Vorpommern"]
[Date "2018.02.25"]
[Round "6.7"]
[White "Worm, Alfred"]
[Black "Zimmermann, Bernd"]
[Result "1/2-1/2"]
[WhiteElo "1607"]
[BlackElo "1595"]
[PlyCount "51"]
[EventDate "2017.??.??"]
[EventType "team-tourn"]
[EventRounds "9"]
[SourceDate "2017.10.08"]
[WhiteTeam "SSC Rostock 07"]
[BlackTeam "Greifswalder SV II"]

1. e4 e5 2. Nc3 Nf6 3. f4 d6 4. Nf3 Nc6 5. Bb5 Bg4 6. O-O Be7 7. h3 Bxf3 8.
Qxf3 O-O 9. Ba4 a6 10. Bxc6 bxc6 11. fxe5 dxe5 12. d3 h6 13. Qg3 Bc5+ 14. Kh1
Kh7 15. Qxe5 Nd7 16. Qh5 f6 17. Ne2 Qe8 18. Qf5+ Kh8 19. Nf4 Rf7 20. Ng6+ Kg8
21. Rf4 Bd6 22. Rg4 Ne5 23. Rh4 Nxg6 24. Qxg6 Qe5 25. Bf4 Qxb2 26. Rf1 1/2-1/2

[Event "VL 2017/18"]
[Site "Mecklenburg-Vorpommern"]
[Date "2018.02.25"]
[Round "6.8"]
[White "Sichler, Jakob"]
[Black "Schulze, Christoph"]
[Result "0-1"]
[WhiteElo "1595"]
[BlackElo "1613"]
[PlyCount "138"]
[EventDate "2017.??.??"]
[EventType "team-tourn"]
[EventRounds "9"]
[SourceDate "2017.10.08"]
[WhiteTeam "Greifswalder SV II"]
[BlackTeam "SSC Rostock 07"]

1. e4 d6 2. d4 Nf6 3. Nc3 c6 4. f4 Qa5 5. Bd3 e5 6. Nf3 Bg4 7. Be3 Nbd7 8. O-O
Be7 9. Qd2 Bxf3 10. Rxf3 Ng4 11. Raf1 O-O 12. fxe5 Nxe3 13. Qxe3 dxe5 14. Rg3
Kh8 15. Kh1 Qb6 16. dxe5 Qxe3 17. Rxe3 Nxe5 18. Be2 g6 19. Nb1 Rad8 20. h3 Bc5
21. Rb3 Rd7 22. g4 b5 23. h4 a5 24. Kg2 Rd4 25. Bf3 Rfd8 26. Re3 Ra4 27. Rc3
Bd4 28. Ra3 Rb4 29. b3 Bb2 30. c3 Bxa3 31. Nxa3 Rd2+ 32. Rf2 Nxf3 33. cxb4 axb4
34. Kxf3 Rxf2+ 35. Kxf2 bxa3 36. b4 Kg7 37. Ke3 h5 38. gxh5 gxh5 39. Kd4 Kf6
40. Kc5 Ke5 41. Kxc6 Kxe4 42. Kxb5 f5 43. Kc6 f4 44. b5 f3 45. b6 f2 46. b7
f1=Q 47. b8=Q Qc4+ 48. Kd7 Qxa2 49. Qe8+ Kd4 50. Qh8+ Kc5 51. Qc8+ Kd4 52. Qh8+
Kd3 53. Qxh5 Qd2 54. Qf3+ Kc2+ 55. Ke6 a2 56. Qc6+ Qc3 57. Qg2+ Kb1 58. Qh1+
Kb2 59. Qg2+ Qc2 60. Qg7+ Qc3 61. Qg2+ Kb3 62. Qb7+ Qb4 63. Qf3+ Kc2 64. Qg2+
Qd2 65. Qc6+ Kd1 66. Qa4+ Ke1 67. Qa8 Qe3+ 68. Kf5 Qd3+ 69. Ke6 Qg6+ 0-1

[Event "VL 2017/18"]
[Site "Mecklenburg-Vorpommern"]
[Date "2018.02.25"]
[Round "6.1"]
[White "Schreiber, Kevin"]
[Black "Rossmann, Andreas"]
[Result "1-0"]
[WhiteElo "2086"]
[BlackElo "1942"]
[PlyCount "99"]
[EventDate "2017.??.??"]
[EventType "team-tourn"]
[EventRounds "9"]
[SourceDate "2017.10.08"]
[WhiteTeam "SF Schwerin II"]
[BlackTeam "SG Neubrandenburg"]

1. Nf3 d5 2. d4 e6 3. Bf4 Nf6 4. e3 c6 5. Nbd2 Bd6 6. Ne5 O-O 7. Bd3 c5 8. c3
Nc6 9. Bg3 Be7 10. O-O Nxe5 11. dxe5 Nd7 12. c4 Nb6 13. Qc2 h6 14. e4 Bd7 15.
exd5 exd5 16. Rad1 d4 17. Rde1 Bc6 18. f4 Bh4 19. f5 Bxg3 20. hxg3 Qg5 21. Ne4
Bxe4 22. Rxe4 Rae8 23. Rff4 h5 24. Qe2 Nd7 25. Kh2 f6 26. e6 Ne5 27. Rxe5 fxe5
28. Qxe5 Qe7 29. Rh4 Rf6 30. Rxh5 Ref8 31. Qf4 Rxe6 32. fxe6 Rxf4 33. gxf4 Qxe6
34. Bh7+ Kf7 35. Rf5+ Ke7 36. Re5 Qxe5 37. fxe5 Ke6 38. Bd3 Kxe5 39. Kg3 a6 40.
Kg4 b6 41. Kg5 b5 42. b3 bxc4 43. bxc4 a5 44. a4 Ke6 45. Kf4 Kf6 46. Ke4 Ke6
47. Be2 Kd6 48. Kf5 g6+ 49. Kf6 g5 50. g4 1-0

[Event "VL 2017/18"]
[Site "Mecklenburg-Vorpommern"]
[Date "2018.02.25"]
[Round "6.2"]
[White "Hartung, Lothar"]
[Black "Hornych, Christoph"]
[Result "0-1"]
[WhiteElo "1777"]
[BlackElo "2056"]
[PlyCount "90"]
[EventDate "2017.??.??"]
[EventType "team-tourn"]
[EventRounds "9"]
[SourceDate "2017.10.08"]
[WhiteTeam "SG Neubrandenburg"]
[BlackTeam "SF Schwerin II"]

1. d4 Nf6 2. Nf3 c5 3. e3 cxd4 4. exd4 d5 5. Bd3 Nc6 6. c3 Bg4 7. h3 Bh5 8.
Nbd2 e6 9. Qc2 Be7 10. O-O O-O 11. Re1 Rc8 12. a3 a6 13. Qd1 b5 14. Nf1 Qb6 15.
Ng3 Bg6 16. Bxg6 hxg6 17. Bf4 a5 18. Qd3 b4 19. axb4 axb4 20. Ra6 Qb7 21. Rea1
Ra8 22. Qe2 Rfc8 23. Bd2 Bd6 24. Ng5 Rxa6 25. Qxa6 Qxa6 26. Rxa6 bxc3 27. bxc3
Bxg3 28. fxg3 Ne4 29. Nxe4 dxe4 30. Kf2 f5 31. Ra4 Rb8 32. Ra2 Kf7 33. h4 Rb7
34. Rc2 Rc7 35. Rc1 Na5 36. Rc2 Nc4 37. Bf4 Ra7 38. Bc1 Ra1 39. Ke2 Ke7 40. Bf4
Kd7 41. Kf2 Kc6 42. g4 Kd5 43. Kg3 e3 44. gxf5 gxf5 45. Be5 Ke4 0-1

[Event "VL 2017/18"]
[Site "Mecklenburg-Vorpommern"]
[Date "2018.02.25"]
[Round "6.3"]
[White "Westphal, Wolfgang"]
[Black "Baier, Karsten"]
[Result "1-0"]
[WhiteElo "2131"]
[BlackElo "1868"]
[PlyCount "73"]
[EventDate "2017.??.??"]
[EventType "team-tourn"]
[EventRounds "9"]
[SourceDate "2017.10.08"]
[WhiteTeam "SF Schwerin II"]
[BlackTeam "SG Neubrandenburg"]

1. e4 e5 2. Nf3 d6 3. d4 exd4 4. Nxd4 Nf6 5. Nc3 Be7 6. Be2 O-O 7. O-O Bd7 8.
Be3 Nc6 9. Qd2 Nxd4 10. Bxd4 Bc6 11. Bf3 Re8 12. Rad1 Bf8 13. Rfe1 a6 14. Qg5
Be7 15. Nd5 Bxd5 16. exd5 h6 17. Qg3 Bf8 18. Rxe8 Nxe8 19. h4 g5 20. Be3 f6 21.
Bh5 Qd7 22. f4 Ng7 23. Bg6 g4 24. f5 h5 25. Qf4 Rc8 26. Rd4 c6 27. c4 cxd5 28.
Rxd5 Qe7 29. Kh2 b5 30. cxb5 Rc2 31. bxa6 Rxb2 32. Rd2 Rxd2 33. Bxd2 d5 34. Bb4
Qd8 35. Bxf8 Kxf8 36. a7 Ke7 37. Qb8 1-0

[Event "VL 2017/18"]
[Site "Mecklenburg-Vorpommern"]
[Date "2018.02.25"]
[Round "6.4"]
[White "Kunow, Frank"]
[Black "Roehl, Rainer"]
[Result "1/2-1/2"]
[WhiteElo "1875"]
[BlackElo "2056"]
[PlyCount "54"]
[EventDate "2017.??.??"]
[EventType "team-tourn"]
[EventRounds "9"]
[SourceDate "2017.10.08"]
[WhiteTeam "SG Neubrandenburg"]
[BlackTeam "SF Schwerin II"]

1. Nf3 c5 2. b3 d6 3. Bb2 e5 4. d3 Nf6 5. g3 g6 6. Bg2 Bg7 7. O-O O-O 8. c4 Nc6
9. Na3 Qd7 10. Nc2 b6 11. e3 Bb7 12. d4 Qe7 13. d5 Nd8 14. Nd2 Nd7 15. e4 f5
16. f4 fxe4 17. Nxe4 exf4 18. Bxg7 Kxg7 19. Qf3 Nf7 20. gxf4 Rae8 21. Qc3+ Nf6
22. Rae1 Qd8 23. Rf2 Nh6 24. Rfe2 Nhg8 25. Bh3 Bc8 26. Ng5 Rxe2 27. Rxe2 Re8
1/2-1/2

[Event "VL 2017/18"]
[Site "Mecklenburg-Vorpommern"]
[Date "2018.02.25"]
[Round "6.5"]
[White "Wagner, Ralph"]
[Black "Witkowski, Rainer"]
[Result "1-0"]
[WhiteElo "2049"]
[BlackElo "1849"]
[PlyCount "64"]
[EventDate "2017.??.??"]
[EventType "team-tourn"]
[EventRounds "9"]
[SourceDate "2017.10.08"]
[WhiteTeam "SF Schwerin II"]
[BlackTeam "SG Neubrandenburg"]

1. d4 e6 2. c4 f5 3. g3 Nf6 4. Bg2 d5 5. Qc2 c6 6. Nh3 Bd6 7. O-O O-O 8. Bf4
Qc7 9. cxd5 exd5 10. Nc3 Na6 11. Rac1 Qe7 12. Qb3 Nc7 13. Bxd6 Qxd6 14. Nf4 Kh8
15. e3 Ne6 16. h4 Nxf4 17. exf4 b6 18. Rfe1 Ne4 19. Qc2 Bb7 20. Kh2 Qg6 21. Nb1
h6 22. Kg1 Qf6 23. Rcd1 g5 24. hxg5 hxg5 25. fxg5 Qxg5 26. Nd2 Nxd2 27. Qxd2
Qf6 28. Qf4 Rf7 29. Bf3 Rg8 30. Kg2 Qg5 31. Rh1+ Rh7 32. Rxh7+ Kxh7 1-0

[Event "VL 2017/18"]
[Site "Mecklenburg-Vorpommern"]
[Date "2018.02.25"]
[Round "6.6"]
[White "Winkler, Karl"]
[Black "Goertz, Frank"]
[Result "0-1"]
[WhiteElo "1829"]
[BlackElo "1869"]
[PlyCount "74"]
[EventDate "2017.??.??"]
[EventType "team-tourn"]
[EventRounds "9"]
[SourceDate "2017.10.08"]
[WhiteTeam "SG Neubrandenburg"]
[BlackTeam "SF Schwerin II"]

1. e4 e6 2. d4 d5 3. exd5 exd5 4. Bd3 Bd6 5. Ne2 Ne7 6. Bf4 O-O 7. Bxd6 Qxd6 8.
O-O Re8 9. c3 Bf5 10. Ng3 Bxd3 11. Qxd3 Nd7 12. Na3 c6 13. Rfe1 Qg6 14. Qxg6
hxg6 15. Re3 Nf5 16. Nxf5 gxf5 17. Rae1 Rxe3 18. Rxe3 Kf8 19. f3 Re8 20. Kf2
Re6 21. Rxe6 fxe6 22. Kg3 Ke7 23. Nc2 Kf6 24. f4 g5 25. Ne1 gxf4+ 26. Kxf4 e5+
27. dxe5+ Nxe5 28. h3 c5 29. h4 Nc6 30. Kg3 Ne5 31. h5 Kg5 32. h6 f4+ 33. Kf2
Kxh6 34. g3 Kg5 35. gxf4+ Kxf4 36. Ke2 Ke4 37. Nc2 Nd3 0-1

[Event "VL 2017/18"]
[Site "Mecklenburg-Vorpommern"]
[Date "2018.02.25"]
[Round "6.7"]
[White "Dittrich, Carsten"]
[Black "Schulz, Daniel"]
[Result "1/2-1/2"]
[WhiteElo "1819"]
[BlackElo "1764"]
[PlyCount "29"]
[EventDate "2017.??.??"]
[EventType "team-tourn"]
[EventRounds "9"]
[SourceDate "2017.10.08"]
[WhiteTeam "SF Schwerin II"]
[BlackTeam "SG Neubrandenburg"]

1. d4 Nf6 2. Nc3 e6 3. Bg5 Be7 4. e4 b6 5. Nf3 Bb7 6. Bd3 c5 7. e5 Nd5 8. Ne4
O-O 9. c4 Bxg5 10. Nfxg5 Nf4 11. Nxh7 Qh4 12. Nhg5 f6 13. g3 Nxd3+ 14. Qxd3 Qh5
15. exf6 1/2-1/2

[Event "VL 2017/18"]
[Site "Mecklenburg-Vorpommern"]
[Date "2018.02.25"]
[Round "6.8"]
[White "Leisner, Ekkehardt"]
[Black "Helms, Sven"]
[Result "1/2-1/2"]
[WhiteElo "1779"]
[BlackElo "1884"]
[PlyCount "44"]
[EventDate "2017.??.??"]
[EventType "team-tourn"]
[EventRounds "9"]
[SourceDate "2017.10.08"]
[WhiteTeam "SG Neubrandenburg"]
[BlackTeam "SF Schwerin II"]

1. c4 e6 2. Nf3 d5 3. e3 Nf6 4. Nc3 Be7 5. d4 O-O 6. Bd3 Nbd7 7. cxd5 exd5 8.
O-O c5 9. Bb1 b6 10. dxc5 Nxc5 11. Nd4 Bb7 12. a3 Rc8 13. Bf5 Ra8 14. b4 Nce4
15. Bb2 Nxc3 16. Bxc3 Ne8 17. Qe2 Nd6 18. Bd3 Bf6 19. Rac1 Rc8 20. Ba1 Qd7 21.
Rfd1 Rxc1 22. Rxc1 Rc8 1/2-1/2

[Event "VL 2017/18"]
[Site "Mecklenburg-Vorpommern"]
[Date "2018.02.25"]
[Round "6.1"]
[White "Moeller, Peter"]
[Black "Kliewe, Hans Juergen"]
[Result "1/2-1/2"]
[WhiteElo "2025"]
[BlackElo "2004"]
[PlyCount "64"]
[EventDate "2017.??.??"]
[EventType "team-tourn"]
[EventRounds "9"]
[SourceDate "2017.10.08"]
[WhiteTeam "HSG Uni Rostock"]
[BlackTeam "ASV Wismar"]

1. d4 d5 2. Bf4 c5 3. e3 Nc6 4. c3 Nf6 5. Nd2 Bf5 6. Ngf3 Qb6 7. Nh4 Bd7 8. Qb3
c4 9. Qxb6 axb6 10. Be2 h6 11. Bc7 b5 12. O-O g5 13. Nhf3 Bf5 14. Ne5 Rc8 15.
Nxc6 Rxc7 16. Nb4 e6 17. a3 Bd6 18. Rac1 O-O 19. Na2 Ra8 20. Bd1 e5 21. dxe5
Bxe5 22. Nf3 Bd6 23. Nd4 Bd7 24. Nc2 Bc6 25. Be2 Bc5 26. Rfd1 Re8 27. Bf1 Ne4
28. g3 f5 29. Nab4 Rd7 30. Bh3 g4 31. Bg2 Rd6 32. Nd4 Rf6 1/2-1/2

[Event "VL 2017/18"]
[Site "Mecklenburg-Vorpommern"]
[Date "2018.02.25"]
[Round "6.2"]
[White "Littke, Helmut"]
[Black "Hammel, Ralf"]
[Result "0-1"]
[WhiteElo "1949"]
[BlackElo "1917"]
[PlyCount "52"]
[EventDate "2017.??.??"]
[EventType "team-tourn"]
[EventRounds "9"]
[SourceDate "2017.10.08"]
[WhiteTeam "ASV Wismar"]
[BlackTeam "HSG Uni Rostock"]

1. d4 d5 2. c4 c6 3. Nc3 Nf6 4. Nf3 e6 5. Bg5 dxc4 6. e4 b5 7. e5 h6 8. Bh4 g5
9. Nxg5 hxg5 10. Bxg5 Be7 11. Bxf6 Bxf6 12. exf6 Qxf6 13. Be2 Na6 14. Bf3 Nb4
15. O-O Bb7 16. Ne4 Qh4 17. h3 O-O-O 18. Qd2 Nd3 19. Qg5 Rxd4 20. Qe3 c5 21.
Nc3 Nf4 22. Bxb7+ Kxb7 23. Rfd1 Rg8 24. Nxb5 Rxg2+ 25. Kf1 Rg1+ 26. Kxg1 Qg5+
0-1

[Event "VL 2017/18"]
[Site "Mecklenburg-Vorpommern"]
[Date "2018.02.25"]
[Round "6.3"]
[White "Wichert, Till"]
[Black "Stutz, Reno"]
[Result "1-0"]
[WhiteElo "1794"]
[BlackElo "1967"]
[PlyCount "76"]
[EventDate "2017.??.??"]
[EventType "team-tourn"]
[EventRounds "9"]
[SourceDate "2017.10.08"]
[WhiteTeam "HSG Uni Rostock"]
[BlackTeam "ASV Wismar"]

1. c4 Nf6 2. g3 e6 3. Bg2 d5 4. Nf3 Be7 5. O-O O-O 6. b3 b6 7. Bb2 Bb7 8. d3 c5
9. e3 Nc6 10. Nc3 Qc7 11. Rc1 dxc4 12. dxc4 Rad8 13. Qe2 a6 14. Rcd1 Nb4 15. a3
Nc6 16. Qc2 h6 17. Nd2 Rd7 18. Nce4 Nxe4 19. Nxe4 Rfd8 20. Qc3 e5 21. Qc2 Bf8
22. Rxd7 Rxd7 23. Rd1 f6 24. Nc3 Ne7 25. Nd5 Qd8 26. f4 exf4 27. gxf4 Nxd5 28.
Bxd5+ Bxd5 29. cxd5 Bd6 30. Qf5 Re7 31. e4 Qc7 32. e5 fxe5 33. fxe5 Bxe5 34. d6
Bxd6 35. Qd5+ Kh8 36. Qxd6 Qb7 37. Qxh6+ Kg8 38. Rd8+ Kf7 1-0